Представление документа в формате RUSMARC

ПолеНазваниеЗначение
  Тип записи a
  Библиографический уровень a
001 Контрольный номер RU/CBS_UL/BASE/de8b36eabcbc4f7284cdfe5cc9f93ec1
005 Дата корректировки 20231212124439.5
100 Данные общей обработки __
a Данные общей обработки 20231212 ||| 0rusy0189 ca
101 Язык документа 0_
a Язык текста rus
102 Страна публикации __
a Страна публикации RU
200 Заглавие и сведения об ответственности 1_
a Заглавие Мечта о чистом воздухе
e Сведения, относящиеся к заглавию [загрязнение атмосферы]
f Первые сведения об ответственности Н. Копа
300 Общие примечания __
a Общие примечания 12+
461 Уровень набора _0
1 2000
a Думай
463 Уровень физической единицы _0
1 2000
a № 7
v С. 32-37 : фото
1 2101
d 2023
1 001RU/CBS_UL/BASE/5878bfde8e4c428e926855826a8b8fca
606 Тематические рубрики 0_
a Основная рубрика Атмосфера - Загрязнение
610 Ключевые слова 0_
a Ключевые слова атмосфера
610 Ключевые слова 0_
a Ключевые слова загрязнение атмосферы
610 Ключевые слова 0_
a Ключевые слова загрязнение атмосферного воздуха
610 Ключевые слова 0_
a Ключевые слова загрязнение воздуха
610 Ключевые слова 0_
a Ключевые слова причины загрязнения воздуха
610 Ключевые слова 0_
a Ключевые слова источники загрязнения воздуха
610 Ключевые слова 0_
a Ключевые слова пылевое загрязнение воздуха
610 Ключевые слова 0_
a Ключевые слова смог
610 Ключевые слова 0_
a Ключевые слова лондонский смог
610 Ключевые слова 0_
a Ключевые слова борьба с загрязнением воздуха
686 Индексы других классификаций __
2 Код системы rubbk
a Классификационный индекс 20.1
700 Автор _1
a Фамилия Копа
b Имя (инициалы) Н.
801 Источник записи _0
a Страна RU
b Организация МБУК ЦБС г. Ульяновска
c Дата составления 20231212
g Правила каталогизации RCR
801 Источник записи _1
a Страна RU
b Организация МБУК ЦБС г. Ульяновска
c Дата составления 20231212
g Правила каталогизации RCR
901 Тип документа __
t Тип документа b
w Контрольный № источника RU/CBS_UL/BASE/5878bfde8e4c428e926855826a8b8fca